00455nam a2200181 a 4500001001300000003000900013005001700022008004100039020001000080082001600090100001600106245004500122260003200167300000900199500003500208650001400243700001600257nice12345678IN_TiNIC20260116014650.0080624s2008 dela grp 000 0 eng  ac39900a954.84bIMA aImam, Syeda aUntold Charminarb Writings on Hyderabad aDelhibPenguin Books c2008 a335p aincludes index and biblioraphy aHyderabad1 aImam, Syeda